Essentials of Medical Physiology-ll / (Record no. 34970)

MARC details
000 -LEADER
fixed length control field 00491nam a22001817a 4500
005 - DATE AND TIME OF LATEST TRANSACTION
control field 20240116152339.0
008 - FIXED-LENGTH DATA ELEMENTS--GENERAL INFORMATION
fixed length control field 240109b |||||||| |||| 00| 0 eng d
082 ## - DEWEY DECIMAL CLASSIFICATION NUMBER
Classification number 612
Item number MUS-E
100 ## - MAIN ENTRY--AUTHOR
Author Name Mushtaq, Ahmad
245 ## - TITLE STATEMENT
Title Essentials of Medical Physiology-ll /
Statement of responsibility, etc. Mushtaq, Ahmad.
250 ## - EDITION STATEMENT
Edition statement 4th ed.
260 ## - PUBLICATION, DISTRIBUTION, ETC.
Place of Publication Pakistan:
Name of publisher, distributor, etc. Ilmi book shop;
Date of publication, distribution, etc. 1999.
300 ## - PHYSICAL DESCRIPTION
Pages viii, 405 p:
490 ## - SERIES STATEMENT
Volume vol-2
500 ## - GENERAL NOTE
General note Includes Index.
650 ## - SUBJECT ADDED ENTRY--TOPICAL TERM
Subject / Department Physiology/Medical
300 ## - PHYSICAL DESCRIPTION
-- ill;
-- 21 cm.
952 ## - LOCATION AND ITEM INFORMATION (KOHA)
-- 0
-- 0
Holdings
Lost status Damaged status Collection code Permanent Location Current Location Shelving Location Date acquired Full Call Number Accession No./Barcode Date last seen item type Koha item type
    Medical Superior Information Resource Center (SIRC) Superior University- Main Campus Superior Information Resource Center (SIRC) Superior University- Main Campus Physiology 01/09/2024 612 MUS-E 1999 6877 01/09/2024 BOOK BOOK

Powered by Koha